| 000 | 01020nac a22002531u 4500 | ||
|---|---|---|---|
| 008 | 090225t2003 xxu|||||r|||| 001 0 eng d | ||
| 010 | _a2002728458 | ||
| 020 | _a0471380040 | ||
| 020 | _a9780471380047 | ||
| 035 | _a(OCoLC)ocm51032951 | ||
| 082 | 0 | 4 |
_a658.4034 _bJEN _222 |
| 100 |
_aJensen, Paul A., _922569 |
||
| 245 | 1 | 0 |
_aOperations Research : _bModels and Methods / _cPaul A. Jensen and Jonathan F. Bard. |
| 260 |
_aHoboken, N.J. : _a[Great Britain] : _bWiley, 2003 _cc2003. |
||
| 300 |
_axii, 667 p. : _bill. ; _c26 cm. |
||
| 504 | _aIncludes bibliographical references and index. | ||
| 650 | 0 |
_aOperations research. _922570 |
|
| 650 | 0 |
_aOperations research _xMathematical models. _922571 |
|
| 650 | 0 |
_aProgramming (Mathematics) _922572 |
|
| 655 |
_92200 _aOperations Research- year 2. _vtext book _xComputer Science _ySemester 2. 2008/2009 |
||
| 700 | 1 |
_aBard, Jonathan F. _922573 |
|
| 856 | 4 | 1 |
_3Table of contents _uhttp://www.loc.gov/catdir/toc/wiley031/2002728458.html |
| 942 |
_cBB _k658.4034JEN _2ddc |
||
| 999 |
_c1171 _d1171 |
||